Geography Quiz

Random Geography or City Quiz

Africa Populous Cities Quiz Stats

 Plays Quiz Updated Sep 28, 2018

Score 0/25 Timer 08:00
4 Plays Today
% Correct
Cairo, Egypt
96.6%
Cape Town, South Africa
84.8%
Johannesburg, South Africa
83.8%
Nairobi, Kenya
76.8%
Algiers, Algeria
73.6%
Lagos, Nigeria
72.4%
Tunis, Tunisia
70.5%
Pretoria, South Africa
68.3%
Casablanca, Morocco
66.2%
Addis Ababa, Ethiopia
65.5%
Khartoum, Sudan
62%
Kinshasa, D.R. Congo
60.2%
Alexandria, Egypt
60.2%
% Correct
Dakar, Senegal
52.2%
Accra, Ghana
51.9%
Dar es Salaam, Tanzania
46.1%
Luanda, Angola
43.2%
Bamako, Mali
41.9%
Yaounde, Cameroon
39.9%
Durban, South Africa
39.8%
Abidjan, Côte d'Ivoire
30.5%
Kano, Nigeria
19%
Douala, Cameroon
15.1%
Ibadan, Nigeria
14.2%
Kumasi, Ghana
10.7%

You're not logged in!

Compare scores with friends on all Sporcle quizzes.
OR
Log In

Sporcle TV

Today on Sporcle TV


Watch our educational content, quiz creation guides, and fun videos on Sporcle TV.

Show Comments

Extras

Top Quizzes Today


Score Distribution

Your Account Isn't Verified!

In order to create a playlist on Sporcle, you need to verify the email address you used during registration. Go to your Sporcle Settings to finish the process.

Report this User

Report this user for behavior that violates our Community Guidelines.

Details: